00230nam a2200073Ia 4500008004100000050001800041100002000059245007700079230915s9999 xx 000 0 und d aTR146.L66.C.2 aBARBARA LONDON  2aA SHORT COURSE IN PHOTOGRAPHY: AN INTRODUCTION TO PHOTOGRAPHIC TECHNIQUE